00795nam a22002057a 450000500170000001000150001702000260003203500140005803700090007208200150008110000260009624500690012225000060019126000590019727001290025630000260038594200290041199900190044095201300045920240704120945.0 aENG-140761 c650.00a9789356069329 aEN-124293 bDBAD a006.30225 aThareja, Reema968118 aArtificial Intelligence:bBeyond Classical AI/cby Reema Thareja a1 aNoidabPearson India Education Services Pvt. Ltdc2024 a1st Floor, Berger Tower, Plot No. C-001A/2 Sector 16BbNoida (U.P.)e201301k04466540100mcompanysecretary.india@pearson.com axxi, 612p.b23cm (Pb) 2ddccENh006.302mTHAe1 c203947d203947 001040708NFICaCJbCJd2024-07-04eDBADg650.00l0o006.302 THApEN-124293r2024-07-04 00:00:00t1v650.00w2024-07-04yEN